[Event "NCA-ch sf"]
[Site "Managua"]
[Date "2019.02.17"]
[Round "5"]
[White "Pilarte, Mario"]
[Black "Arevalo Lopez, Josue"]
[Result "0-1"]
[WhiteElo "1842"]
[BlackElo "1938"]
[PlyCount "98"]
[EventDate "2019.02.09"]
[EventType "tourn"]
[EventRounds "9"]
[EventCountry "NCA"]
[SourceTitle "CBM 190 Extra"]
[Source "ChessBase"]
[SourceDate "2019.07.15"]
[SourceVersion "1"]
[SourceVersionDate "2019.07.15"]
[SourceQuality "1"]

1. e4 e5 2. Nf3 Nc6 3. Bb5 a6 4. Ba4 Nf6 5. 0-0 Nxe4 6. Re1 Nc5 7. Nxe5 Nxe5 8. Rxe5+ Be7 9. Bb3 0-0 10. d4 Nxb3 11. axb3 d5 12. Re1 Bd6 13. Qf3 Qh4 14. h3 Qxd4 15. c3 Qb6 16. Qxd5 Be6 17. Qf3 Bxb3 18. Be3 Qc6 19. Qxc6 bxc6 20. Nd2 Be6 21. Ra5 Rfb8 22. b4 Rb5 23. Rea1 Bc8 24. Nb3 f5 25. Nd4 Rxa5 26. Rxa5 f4 27. Bd2 Bd7 28. h4 h6 29. f3 Kh7 30. Ne2 Rf8 31. Rxa6 c5 32. Ra5 Rf5 33. b5 c4 34. Kf1 g5 35. hxg5 hxg5 36. Nd4 Rd5 37. Ra4 Rxd4 38. cxd4 c3 39. Ra2 Bxb5+ 40. Ke1 cxd2+ 41. Kxd2 Bc4 42. Rb2 Kg6 43. Kc3 Bd5 44. Re2 g4 45. fxg4 Kg5 46. Kd3 Kxg4 47. Re8 Kg3 48. Ke2 Kxg2 49. Ke1 f3 0-1

[Event "NCA-ch sf"]
[Site "Managua"]
[Date "2019.02.09"]
[Round "1"]
[White "Pilarte, Mario"]
[Black "Ferrufino, Michelle"]
[Result "1-0"]
[WhiteElo "1842"]
[BlackElo "1760"]
[PlyCount "129"]
[EventDate "2019.02.09"]
[EventType "tourn"]
[EventRounds "9"]
[EventCountry "NCA"]
[SourceTitle "CBM 190 Extra"]
[Source "ChessBase"]
[SourceDate "2019.07.15"]
[SourceVersion "1"]
[SourceVersionDate "2019.07.15"]
[SourceQuality "1"]

1. e4 c5 2. Nf3 e6 3. d4 cxd4 4. Nxd4 Nc6 5. Nc3 a6 6. Be3 Qc7 7. Be2 Nf6 8. a3 Be7 9. 0-0 0-0 10. f4 d6 11. Kh1 Bd7 12. Bf3 Rac8 13. Nxc6 Bxc6 14. Qe2 Rfd8 15. Qf2 Nd7 16. Rad1 b5 17. Bd4 Bf6 18. Bxf6 Nxf6 19. Rd2 d5 20. exd5 Nxd5 21. Nxd5 Bxd5 22. Bxd5 Rxd5 23. Rxd5 exd5 24. c3 h6 25. f5 f6 26. Re1 Kf7 27. Qf3 Qc4 28. Re6 a5 29. Rd6 Qe4 30. Rd7+ Kf8 31. Qxe4 dxe4 32. Rd4 Rc4 33. Kg1 g6 34. fxg6 Kg7 35. Kf2 Rxd4 36. cxd4 Kxg6 37. Ke3 f5 38. g4 fxg4 39. Kxe4 Kf6 40. Kf4 h5 41. d5 b4 42. axb4 axb4 43. d6 Ke6 44. Kg5 Kxd6 45. Kxh5 Kd5 46. Kxg4 Kc4 47. h4 Kb3 48. h5 Kxb2 49. h6 b3 50. h7 Ka2 51. h8Q b2 52. Qg8+ Ka3 53. Qb8 Ka2 54. Qa7+ Kb3 55. Qb7+ Kc2 56. Qc6+ Kd1 57. Qb5 Kc1 58. Qc4+ Kd2 59. Qb3 Kc1 60. Qc3+ Kb1 61. Qf3 Ka1 62. Qa3+ Kb1 63. Kf3 Kc2 64. Qa2 Kc1 65. Ke2 1-0

[Event "NCA-ch 2nd phase"]
[Site "Managua"]
[Date "2019.01.26"]
[Round "4"]
[White "Arevalo Lopez, Josue"]
[Black "Pilarte, Mario"]
[Result "1-0"]
[WhiteElo "1938"]
[BlackElo "1842"]
[PlyCount "69"]
[EventDate "2019.01.19"]
[EventType "swiss"]
[EventRounds "9"]
[EventCountry "NCA"]
[SourceTitle "CBM 189 Extra"]
[Source "ChessBase"]
[SourceDate "2019.06.03"]
[SourceVersion "1"]
[SourceVersionDate "2019.06.03"]
[SourceQuality "1"]

1. e4 c5 2. Nf3 d6 3. Nc3 Nc6 4. Bb5 Bd7 5. 0-0 Nf6 6. d4 cxd4 7. Nxd4 Rc8 8. h3 g6 9. Be3 a6 10. Nxc6 Bxc6 11. Bxc6+ Rxc6 12. f4 Bg7 13. Qf3 0-0 14. Rad1 Qa5 15. Rd3 Rfc8 16. a3 b5 17. e5 Nd7 18. Nd5 Qd8 19. Nb4 Rb6 20. Qf2 Rb7 21. Qf3 Rbc7 22. c3 a5 23. Nd5 Rc6 24. exd6 Rxd6 25. Rfd1 Rcc6 26. Bf2 e6 27. Nb4 Rxd3 28. Rxd3 Rc4 29. Qd1 axb4 30. Rxd7 Qf6 31. Rd8+ Bf8 32. Qd6 Qg7 33. axb4 h5 34. Bc5 Rxc5 35. bxc5 1-0